Les Femmes du Fleuve : Roman
Gardado en:
| Autor Principal: | |
|---|---|
| Formato: | Libro |
| Idioma: | Undetermined |
| Publicado: |
Quebec, Canadá
Québec Amérique
2002
|
| Materias: | |
| Etiquetas: |
Engadir etiqueta
Sen Etiquetas, Sexa o primeiro en etiquetar este rexistro!
|
MARC
| LEADER | 00000nam a2200000Ia 4500 | ||
|---|---|---|---|
| 008 | 170316s9999 xx 000 0 und d | ||
| 040 | |a cru BVZT | ||
| 090 | |a 818 L-24f | ||
| 100 | |a Laberge, Aimée | ||
| 245 | |a Les Femmes du Fleuve : Roman | ||
| 260 | |a Quebec, Canadá | ||
| 260 | |b Québec Amérique | ||
| 260 | |c 2002 | ||
| 300 | |a 411 páginas | ||
| 650 | |a LITERATURA CANADIENSE | ||
| 650 | |a EN IDIOMA FRANCÉS | ||
| 650 | |a NOVELA | ||
| 999 | |c 6523 |d 6523 | ||
| 942 | |c 15 D |h 818 L-24f |2 z | ||
